| 000 | 00820nam a2200241 a 4500 | ||
|---|---|---|---|
| 001 | 49229 | ||
| 003 | BD-RjUL | ||
| 005 | 20211209054643.0 | ||
| 008 | 160818s1966 b ||||| |||| 00| 0 eng d | ||
| 020 | _c : Tk.2.00 | ||
| 035 | _a(BD-RjUL)49348 | ||
| 040 |
_aBD-RjUL _bben _cBD-RjUL |
||
| 041 | _aben | ||
| 082 |
_223 _a839.822 _bIBP 1966 |
||
| 100 | 1 |
_aইবসেন, হেনরিক _9123071 |
|
| 245 | 1 | 0 |
_aপেতাত্মা / _cহেনরিক ইবসেন, আবদুল হক |
| 260 |
_aঢাকা : _bবাংলা একাডেমী, _c১৯৬৬. |
||
| 300 |
_a১১১ পৃ ; _c২৩ সেমি |
||
| 650 |
_aনরওয়েজিয়ান নাটক _9118925 |
||
| 650 |
_aNorwegian Drama _9147948 |
||
| 700 |
_aহক, আবদুল _9147949 |
||
| 942 |
_2ddc _cBK |
||
| 999 |
_c49229 _d49229 |
||